| 000 | 00598nam a2200205Ia 4500 | ||
|---|---|---|---|
| 005 | 20260429112006.0 | ||
| 008 | 260429s9999||||xx |||||||||||||| ||und|| | ||
| 020 | _a9783031775505 | ||
| 041 | _aEnglish | ||
| 082 |
_a543.57 _bHER |
||
| 100 | _aHernandez, Carlos Vargas | ||
| 245 | 0 |
_aIntroduction to Raman spectroscopy and its applications / _cCarlos Vargas Hernandez |
|
| 260 |
_aSwitzerland : _bSpringer, _c2025. |
||
| 300 | _axxi, 244 p.; hb | ||
| 650 | _a Analytical chemistry | ||
| 650 | _a Optical spectroscopy | ||
| 650 | _a Raman spectroscopy | ||
| 650 | _aChemistry | ||
| 942 | _cTB | ||
| 999 |
_c51781 _d51781 |
||